000 00337 a2200109 4500
001 ART_10178
005 20260410161848.0
008 260409a
245 1 0 _aEstimación de sistemas de ecuaciones de gastos y demanda
100 1 _ade Janvry, Alain
773 0 _tEconómica
_g- Año XVI, Nº1 (ene./abr. 1970)
_wREV7541
999 _c24719
_d24719